Statistics for The Wombles TV Show Theme Song Lyrics

Click here to take the quiz!

General Stats

  • This quiz has been taken 25 times
  • The average score is 8 of 20

Answer Stats

HintAnswer% Correct
Underground, overground, ________ ____,wombling free
86%
Underground, overground, ________ ____,wombling free
86%
Making good use of the _____ that we find,things
82%
The Wombles of _________ ______ are we.Wimbledon Common
82%
The Wombles of _________ ______ are we!Wimbledon Common
82%
Things that the ________ _____ leave behind.everyday folks
64%
_____ ________,Uncle Bulgaria
50%
We _______ by night and we _______ by day,womble
50%
Under their _____ a Womble may be.noses
36%
Wombles are ____ and Wombles are clean.tidy
32%
Even _______ and tins.bottles
27%
Pick up the pieces and make them into _________ ___,something new
27%
Making the most of __________,everything
23%
Pick up the papers and take them to _________!Tobermory
23%
We're so incredibly, utterly _______,devious
18%
He can remember the days when he wasn't ______ ___ _____,behind the times
14%
With his ___ __ ___ _____map of the world
14%
People don't notice us, they _____ ___,never see
14%
Wombles are _________, work as a team.organised
14%
Looking for litter to _______ away.trundle
14%

Score Distribution

Percentile by Number Answered

Percent of People with Each Score

Your Score History

You have not taken this quiz